[Event "Brno /Olexa/"]
[Site "Brno"]
[Date "2023.12.26"]
[Round "1"]
[White "Smistik, Milan"]
[Black "Timko, Daniel"]
[Result "1-0"]
[WhiteElo "2298"]
[BlackElo "1565"]
[PlyCount "77"]
[EventDate "2023.12.??"]
[EventType "tourn"]
[EventRounds "7"]

1. e4 c6 2. d4 d5 3. Nd2 dxe4 4. Nxe4 Nd7 5. Nf3 Ndf6 6. Ng3 Bg4 7. Be2 e6 8.
h3 Bxf3 9. Bxf3 Bd6 10. Ne2 Qc7 11. c4 Rd8 12. Qa4 a6 13. Bd2 Ra8 14. c5 Be7
15. Ba5 Qd7 16. O-O-O Nd5 17. Kb1 Bf6 18. Ng3 Be7 19. h4 Ngf6 20. Ne2 h5 21.
Ng3 g6 22. Bd2 O-O 23. Bg5 Rfb8 24. Ne4 b5 25. Qc2 Nxe4 26. Qxe4 Bf8 27. Qe2 a5
28. g4 a4 29. gxh5 a3 30. hxg6 fxg6 31. Rhe1 Kf7 32. Bxd5 exd5 33. Qf3+ Kg8 34.
Qf6 Re8 35. Qxg6+ Bg7 36. Bf6 axb2 37. Bxg7 Rxe1 38. Bf6+ Kf8 39. Qh6+ 1-0

[Event "Brno /Olexa/"]
[Site "Brno"]
[Date "2023.12.26"]
[Round "1"]
[White "Divis, Jan"]
[Black "Husek, Martin"]
[Result "0-1"]
[WhiteElo "1536"]
[BlackElo "2233"]
[PlyCount "56"]
[EventDate "2023.12.??"]
[EventType "tourn"]
[EventRounds "7"]

1. d4 Nf6 2. Bf4 g6 3. e3 Bg7 4. c3 d6 5. Nf3 O-O 6. Be2 Nfd7 7. O-O e5 8. dxe5
dxe5 9. Bg3 e4 10. Nfd2 Re8 11. Na3 a6 12. Qc2 Nf6 13. Rad1 Qe7 14. Nab1 Nc6
15. a3 h5 16. h3 g5 17. Rfe1 h4 18. Bh2 Bh6 19. Nf1 Ne5 20. Nbd2 g4 21. Bxe5
Qxe5 22. Nc4 Qg5 23. hxg4 Nxg4 24. Nh2 h3 25. Bxg4 Bxg4 26. Nxg4 Qxg4 27. g3
Qf3 28. Kf1 h2 0-1

[Event "Brno /Olexa/"]
[Site "Brno"]
[Date "2023.12.26"]
[Round "1"]
[White "Holemar, David"]
[Black "Hala, Pavel"]
[Result "1-0"]
[WhiteElo "2196"]
[BlackElo "1500"]
[PlyCount "49"]
[EventDate "2023.12.??"]
[EventType "tourn"]
[EventRounds "7"]

1. d4 d6 2. c4 c6 3. Nc3 h6 4. e4 e6 5. Nf3 Ne7 6. Bd3 g6 7. O-O Bg7 8. Re1 O-O
9. Rb1 f5 10. Bc2 Na6 11. a3 Nc7 12. b4 a6 13. Bb2 b5 14. exf5 exf5 15. c5 d5
16. Ne2 a5 17. Nf4 axb4 18. axb4 Kh7 19. Ne5 g5 20. Nh5 Kg8 21. h4 Bxe5 22.
dxe5 Ng6 23. Nf6+ Rxf6 24. exf6 Qxf6 25. Bxf6 1-0

[Event "Brno /Olexa/"]
[Site "Brno"]
[Date "2023.12.26"]
[Round "1"]
[White "Borkovec, Ondrej"]
[Black "Havelka, Ondrej"]
[Result "0-1"]
[WhiteElo "1485"]
[BlackElo "2155"]
[PlyCount "98"]
[EventDate "2023.12.??"]
[EventType "tourn"]
[EventRounds "7"]

1. d4 d5 2. c4 e6 3. Nc3 c5 4. cxd5 exd5 5. Nf3 Nc6 6. g3 Nf6 7. Bg2 Be7 8. O-O
O-O 9. b3 Re8 10. Bb2 Bg4 11. dxc5 Bxc5 12. Rc1 Bb6 13. Nb5 Ne4 14. Nbd4 Rc8
15. Nxc6 bxc6 16. Ne5 Nxf2 17. Rxf2 Bxf2+ 18. Kxf2 Qf6+ 19. Bf3 Bxf3 20. exf3
Rxe5 21. f4 Rce8 22. Bxe5 Rxe5 23. Rxc6 Qxc6 24. fxe5 Qc5+ 25. Ke2 d4 26. Kd3
Qxe5 27. Qf3 g6 28. Qe4 Qh5 29. Kxd4 Qxh2 30. Qe8+ Kg7 31. Qe5+ Kh6 32. Qf4+ g5
33. Qd6+ Kg7 34. Qe5+ f6 35. Qe7+ Kg6 36. Qe8+ Kh6 37. Qf8+ Kh5 38. Qe8+ Kg4
39. Qe4+ Kxg3 40. Qd3+ Kg4 41. Qd1+ Kh4 42. Qe1+ Kh3 43. Qf1+ Qg2 44. Qd3+ Kg4
45. Qd1+ Qf3 46. Qg1+ Kh3 47. Kc5 g4 48. b4 g3 49. a4 Qf2+ 0-1

[Event "Brno /Olexa/"]
[Site "Brno"]
[Date "2023.12.26"]
[Round "1"]
[White "Vanek, Ladislav"]
[Black "Branka, Julia"]
[Result "1-0"]
[WhiteElo "2145"]
[BlackElo "1466"]
[PlyCount "107"]
[EventDate "2023.12.??"]
[EventType "tourn"]
[EventRounds "7"]

1. c4 c5 2. Nc3 g6 3. g3 Bg7 4. Bg2 Nc6 5. d3 d6 6. e4 e6 7. Nge2 Nge7 8. Be3
O-O 9. O-O Rb8 10. Rb1 a6 11. a4 Nd4 12. b4 Nec6 13. b5 axb5 14. axb5 Ne7 15.
f4 b6 16. Bf2 Nxe2+ 17. Nxe2 Bb7 18. d4 f5 19. e5 Bxg2 20. Kxg2 dxe5 21. dxc5
Qc7 22. Qd6 Qxd6 23. cxd6 Nc8 24. Rfd1 Rd8 25. d7 Ne7 26. Rd6 Kf7 27. Rbd1 Bf6
28. Bxb6 Rxd7 29. Rxd7 Rxb6 30. Rc7 e4 31. Rdd7 Ke8 32. Rb7 Rxb7 33. Rxb7 Kd8
34. Kf2 Kc8 35. Ra7 Kb8 36. Ra6 Bb2 37. Rxe6 Ba3 38. Nd4 Kc7 39. Nc6 Bc5+ 40.
Kg2 Kd7 41. Rf6 Ke8 42. Nxe7 Kxe7 43. Rc6 Bd6 44. c5 Bxf4 45. gxf4 g5 46. fxg5
f4 47. b6 Kd7 48. Rd6+ Kc8 49. c6 e3 50. c7 e2 51. Rd8+ Kb7 52. c8=Q+ Kxb6 53.
Rd6+ Kb5 54. Qb7+ 1-0

[Event "Brno /Olexa/"]
[Site "Brno"]
[Date "2023.12.26"]
[Round "1"]
[White "Doskar, Miloslav"]
[Black "Jires, Jiri"]
[Result "0-1"]
[WhiteElo "1462"]
[BlackElo "2138"]
[PlyCount "42"]
[EventDate "2023.12.??"]
[EventType "tourn"]
[EventRounds "7"]

1. e4 c5 2. Nf3 Nc6 3. d4 cxd4 4. Nxd4 e5 5. Nf3 Nf6 6. Nc3 Bb4 7. Bd3 O-O 8.
Bd2 d6 9. a3 Bxc3 10. Bxc3 a6 11. O-O Bg4 12. h3 Bh5 13. Re1 Rc8 14. b4 h6 15.
Bb2 Qd7 16. c4 Nd8 17. Kh2 Ne6 18. Bf1 Ng5 19. g4 Nxg4+ 20. hxg4 Qxg4 21. Nxg5
Qf4+ 0-1

[Event "Brno /Olexa/"]
[Site "Brno"]
[Date "2023.12.26"]
[Round "1"]
[White "Svobodova, Michaela"]
[Black "Slegl, Milan"]
[Result "1-0"]
[WhiteElo "1981"]
[BlackElo "1456"]
[PlyCount "77"]
[EventDate "2023.12.??"]
[EventType "tourn"]
[EventRounds "7"]

1. e4 c6 2. d4 d5 3. exd5 cxd5 4. Bd3 Qc7 5. Nc3 Nf6 6. Nb5 Qb6 7. Bf4 Na6 8.
h3 Bd7 9. a4 Bxb5 10. axb5 Nc7 11. Qe2 Ne6 12. Be5 Nd7 13. Nf3 Nxe5 14. Qxe5
Qd6 15. O-O Qxe5 16. Nxe5 b6 17. c3 Nf4 18. Rfd1 Nxd3 19. Rxd3 e6 20. Ra6 Bd6
21. Nc6 Kd7 22. Rd1 Rhb8 23. Nxb8+ Bxb8 24. Rda1 Kc7 25. g3 Kb7 26. Kg2 g5 27.
Kf3 h5 28. Ke3 Bd6 29. f4 gxf4+ 30. gxf4 h4 31. Rg1 Rf8 32. Rg4 Be7 33. Ra1 Bf6
34. Rag1 a6 35. bxa6+ Kxa6 36. Rg8 Rd8 37. Rxd8 Bxd8 38. Rg8 Bf6 39. Rf8 1-0

[Event "Brno /Olexa/"]
[Site "Brno"]
[Date "2023.12.26"]
[Round "1"]
[White "Nisztuk, Michal"]
[Black "Wuensch, Radek"]
[Result "0-1"]
[WhiteElo "1447"]
[BlackElo "1974"]
[PlyCount "50"]
[EventDate "2023.12.??"]
[EventType "tourn"]
[EventRounds "7"]

1. e4 Nc6 2. d4 e5 3. Nf3 exd4 4. Nxd4 Nf6 5. Nc3 Bb4 6. Nxc6 bxc6 7. Bd3 d5 8.
e5 Ng4 9. Bf4 f6 10. O-O O-O 11. exf6 Qxf6 12. Bg3 Bd6 13. h3 Ne5 14. Be2 Rb8
15. Rb1 Bf5 16. Qd2 Qg6 17. h4 Bxc2 18. h5 Qf5 19. Bxe5 Bxe5 20. f4 Bxc3 21.
Qxc3 Bxb1 22. h6 gxh6 23. Rf3 Qf6 24. Qe1 Rxb2 25. Rg3+ Kh8 0-1

[Event "Brno /Olexa/"]
[Site "Brno"]
[Date "2023.12.26"]
[Round "1"]
[White "Schmid, Jaroslav"]
[Black "Teply, Jan"]
[Result "1-0"]
[WhiteElo "1914"]
[BlackElo "1297"]
[PlyCount "65"]
[EventDate "2023.12.??"]
[EventType "tourn"]
[EventRounds "7"]

1. e4 e5 2. Nf3 Nc6 3. Bb5 a6 4. Ba4 Nf6 5. O-O b5 6. Bb3 Be7 7. Re1 O-O 8. a4
Bb7 9. d3 d6 10. c3 Na5 11. Bc2 c5 12. Nbd2 Nc6 13. Nf1 b4 14. Ng3 d5 15. exd5
Qxd5 16. Nf5 Rfe8 17. Nxe7+ Rxe7 18. Bg5 Qd6 19. Nd2 Rd7 20. Nc4 Qc7 21. Bxf6
gxf6 22. a5 Rad8 23. Qh5 Ne7 24. Re3 Kg7 25. Rh3 Rh8 26. Qh6+ Kg8 27. Rg3+ Ng6
28. Ne3 Qd8 29. Nf5 Qf8 30. Qe3 Qc8 31. Bb3 bxc3 32. Qh6 Qf8 33. Rxg6+ 1-0

[Event "Brno /Olexa/"]
[Site "Brno"]
[Date "2023.12.26"]
[Round "1"]
[White "Rampulova, Marketa"]
[Black "Pribyl, Rene"]
[Result "0-1"]
[WhiteElo "1260"]
[BlackElo "1855"]
[PlyCount "44"]
[EventDate "2023.12.??"]
[EventType "tourn"]
[EventRounds "7"]

1. e4 e5 2. Nf3 Nf6 3. Nc3 Nc6 4. d4 exd4 5. Nxd4 Bb4 6. Nxc6 bxc6 7. Bd3 O-O
8. O-O Re8 9. Bd2 Bxc3 10. Bxc3 Nxe4 11. Re1 Nxc3 12. Rxe8+ Qxe8 13. bxc3 d6
14. Rb1 Qe5 15. Qd2 Be6 16. a3 c5 17. Re1 Qf6 18. Kf1 Bd7 19. Rb1 Bc6 20. c4 a5
21. c3 Re8 22. Be2 Qg6 0-1

[Event "Brno /Olexa/"]
[Site "Brno"]
[Date "2023.12.26"]
[Round "1"]
[White "Stary, Simon"]
[Black "Borovickova, Eva"]
[Result "1-0"]
[WhiteElo "1826"]
[BlackElo "1238"]
[PlyCount "87"]
[EventDate "2023.12.??"]
[EventType "tourn"]
[EventRounds "7"]

1. e4 e5 2. Nf3 Nc6 3. Bb5 Nf6 4. d3 h6 5. O-O a6 6. Ba4 Bc5 7. c3 d6 8. Nbd2
O-O 9. h3 Ne7 10. Re1 Ng6 11. Nf1 Be6 12. Ng3 Ba7 13. d4 exd4 14. cxd4 d5 15.
e5 Nd7 16. Be3 c6 17. Bc2 Bb6 18. Qd2 Ba5 19. b4 Bc7 20. Nh5 Nh4 21. Nh2 Nf5
22. Bxf5 Bxf5 23. Bxh6 Qh4 24. Nxg7 Bg6 25. Nf3 Qd8 26. e6 Be4 27. Ng5 Nf6 28.
f3 Bg6 29. e7 Qd6 30. exf8=Q+ Rxf8 31. f4 Ra8 32. Re5 Ne4 33. Nxe4 Bxe4 34. Ne8
Qxh6 35. Nxc7 Rf8 36. Rg5+ Kh7 37. Qe2 Bg6 38. Qe7 Qg7 39. Rd1 f6 40. Qxg7+
Kxg7 41. Ne6+ Kf7 42. Nxf8 fxg5 43. Nxg6 Kxg6 44. fxg5 1-0

[Event "Brno /Olexa/"]
[Site "Brno"]
[Date "2023.12.26"]
[Round "1"]
[White "Carbonai, Gabriele"]
[Black "Hrdlicka, Vladan"]
[Result "0-1"]
[WhiteElo "1228"]
[BlackElo "1799"]
[PlyCount "57"]
[EventDate "2023.12.??"]
[EventType "tourn"]
[EventRounds "7"]

1. e4 e6 2. d4 d5 3. e5 c5 4. c3 Nc6 5. Qg4 Bd7 6. dxc5 Nxe5 7. Qg3 Ng6 8. Be3
Nf6 9. Bd3 Rc8 10. b4 Be7 11. Ne2 O-O 12. Nd2 Re8 13. O-O e5 14. f4 Nh5 15. Qf3
e4 16. Bxe4 Nhxf4 17. Nxf4 dxe4 18. Nxe4 Ne5 19. Qg3 Bb5 20. Nh5 Ng6 21. Rad1
Qc7 22. Bf4 Qc6 23. Rfe1 Bh4 24. Nef6+ gxf6 25. Rxe8+ Rxe8 26. Qg4 Be2 27. Qd7
Qxd7 28. Rxd7 Bxh5 29. Rxb7 0-1

[Event "Brno /Olexa/"]
[Site "Brno"]
[Date "2023.12.26"]
[Round "1"]
[White "Veznik, Michael"]
[Black "Dolezal, Josef"]
[Result "1-0"]
[WhiteElo "1774"]
[BlackElo "1194"]
[PlyCount "69"]
[EventDate "2023.12.??"]
[EventType "tourn"]
[EventRounds "7"]

1. d4 g6 2. e4 Bg7 3. Nc3 d6 4. Be2 Nc6 5. Nf3 Bg4 6. Be3 e5 7. d5 Nce7 8. h3
Bd7 9. Qd2 f5 10. exf5 gxf5 11. g3 Nf6 12. O-O-O Ng6 13. Bh6 Qe7 14. Bxg7 Qxg7
15. Nb5 Ne4 16. Qe3 O-O 17. Nxc7 Rac8 18. Ne6 Bxe6 19. dxe6 Qc7 20. Bd3 Nc5 21.
Bc4 Rfe8 22. Ng5 Kg7 23. h4 Nxe6 24. Nxe6+ Rxe6 25. Bb3 f4 26. gxf4 Nxf4 27.
Rhg1+ Rg6 28. Rg5 Rxg5 29. hxg5 b6 30. Qe4 Qe7 31. Rh1 Ng6 32. Qg4 Rf8 33. Qh5
Rxf2 34. Qxh7+ Kf8 35. Qg8# 1-0

[Event "Brno /Olexa/"]
[Site "Brno"]
[Date "2023.12.26"]
[Round "1"]
[White "Levchenko, Alisa"]
[Black "Neduchal, Jiri"]
[Result "1/2-1/2"]
[WhiteElo "1178"]
[BlackElo "1766"]
[Annotator "Kalendovský,Jan"]
[PlyCount "59"]
[EventDate "2023.12.??"]
[EventType "tourn"]
[EventRounds "7"]

1. d4 Nf6 2. c4 g6 3. Nf3 Bg7 4. g3 O-O 5. Bg2 d5 6. O-O dxc4 7. Qc2 Nc6 8.
Qxc4 Qd5 9. Qxd5 Nxd5 10. Nc3 Be6 11. Rd1 Nxc3 12. bxc3 Bc4 13. e3 Rfd8 14. Ba3
e5 15. Nxe5 Nxe5 16. dxe5 Bxe5 17. Bxb7 Rxd1+ 18. Rxd1 Rb8 19. Bd5 Bxd5 20.
Rxd5 Bxc3 21. Rd7 Ba5 {(R)} 22. Bc5 a6 23. Bd4 Bb6 24. Bxb6 cxb6 25. Ra7 a5 26.
a4 Rc8 27. Rb7 Rc4 28. Rxb6 Rxa4 29. Ra6 Kg7 30. Kg2 {(R)} 1/2-1/2

[Event "Brno /Olexa/"]
[Site "Brno"]
[Date "2023.12.26"]
[Round "1"]
[White "Velim, Vojtech"]
[Black "Branka, Natalia"]
[Result "1-0"]
[WhiteElo "1765"]
[BlackElo "1032"]
[PlyCount "51"]
[EventDate "2023.12.??"]
[EventType "tourn"]
[EventRounds "7"]

1. Nf3 Nf6 2. c4 c5 3. Nc3 Nc6 4. e3 d6 5. d4 cxd4 6. exd4 d5 7. Bg5 e6 8. Ne5
dxc4 9. Nxc6 bxc6 10. Bxc4 Be7 11. O-O O-O 12. Rc1 Nd5 13. Bxe7 Qxe7 14. Re1
Qg5 15. Ne4 Qg6 16. Qf3 Kh8 17. Bd3 Rb8 18. Nd6 Qg5 19. Nxf7+ Rxf7 20. Qxf7 Bb7
21. Bf1 Nf4 22. g3 Qg4 23. Qxf4 Qg6 24. Qxb8+ Bc8 25. Qxc8+ Qe8 26. Qxe8# 1-0

[Event "Brno /Olexa/"]
[Site "Brno"]
[Date "2023.12.26"]
[Round "1"]
[White "Prochazka, Marek"]
[Black "Matzner, Radomil"]
[Result "1/2-1/2"]
[WhiteElo "1133"]
[BlackElo "1740"]
[PlyCount "50"]
[EventDate "2023.12.??"]
[EventType "tourn"]
[EventRounds "7"]

1. e4 d5 2. exd5 Qxd5 3. Nc3 Qd8 4. d4 e6 5. Nf3 Nf6 6. Bg5 Be7 7. Bd3 O-O 8.
Qd2 Nbd7 9. h4 c5 10. Ne2 cxd4 11. Nexd4 Nc5 12. O-O-O Nxd3+ 13. Qxd3 Qa5 14.
Kb1 Rd8 15. Nb3 Qb6 16. Qe2 Bd7 17. Rd3 Bb5 18. Rxd8+ Rxd8 19. Qe1 Bc4 20. Qe3
Bxb3 21. axb3 Qa5 22. Qe5 Qxe5 23. Nxe5 Rd5 24. Nd3 h6 25. Be3 b6 1/2-1/2

[Event "Brno /Olexa/"]
[Site "Brno"]
[Date "2023.12.26"]
[Round "1"]
[White "Blata, Frantisek"]
[Black "Vindis, Patrik"]
[Result "1-0"]
[WhiteElo "1732"]
[BlackElo "1071"]
[PlyCount "119"]
[EventDate "2023.12.??"]
[EventType "tourn"]
[EventRounds "7"]

1. d4 d5 2. c4 dxc4 3. e3 e6 4. Bxc4 Nf6 5. Nf3 Bb4+ 6. Nc3 Bxc3+ 7. bxc3 c6 8.
O-O b5 9. Bd3 O-O 10. a4 bxa4 11. Qxa4 Qc7 12. Ba3 Re8 13. Ne5 Bb7 14. Rfb1
Nbd7 15. Nxd7 Nxd7 16. h3 e5 17. Ba6 Nb6 18. Qa5 Bxa6 19. Qxa6 exd4 20. cxd4
Qd7 21. Bc5 Nd5 22. Rb7 Qe6 23. Rxa7 Rxa7 24. Qxa7 h5 25. Qb7 g5 26. Ra6 Rc8
27. Ra8 Rxa8 28. Qxa8+ Kh7 29. Qd8 g4 30. Qh4 Qg6 31. hxg4 Qxg4 32. Qxg4 hxg4
33. Kh2 Kg6 34. Kg3 Kg5 35. Bd6 Nc3 36. f3 gxf3 37. gxf3 f5 38. Kf2 Kh4 39. Ke1
Kh3 40. Kd2 Nb5 41. Bb8 Kg2 42. Ke2 Nc3+ 43. Kd3 Nb5 44. e4 f4 45. e5 Kxf3 46.
e6 Kg4 47. e7 f3 48. e8=Q Kh3 49. Qg6 Kh4 50. Qg3+ Kh5 51. Qxf3+ Kg6 52. Qxc6+
Kf7 53. Qxb5 Ke7 54. Qb7+ Kf6 55. Qd7 Kg5 56. Qe6 Kh5 57. Ke3 Kh4 58. Kf4 Kh5
59. Ba7 Kh4 60. Qg4# 1-0

[Event "Brno /Olexa/"]
[Site "Brno"]
[Date "2023.12.27"]
[Round "2"]
[White "Schmid, Jaroslav"]
[Black "Smistik, Milan"]
[Result "1/2-1/2"]
[WhiteElo "1914"]
[BlackElo "2298"]
[PlyCount "70"]
[EventDate "2023.12.??"]
[EventType "tourn"]
[EventRounds "7"]

1. e4 c5 2. Nf3 d6 3. d4 cxd4 4. Nxd4 Nf6 5. Nc3 a6 6. Bg5 e6 7. f4 Qb6 8. Nb3
Nbd7 9. Qf3 Be7 10. O-O-O Qc7 11. a3 b5 12. Bd3 Bb7 13. Rhe1 Rc8 14. Kb1 b4 15.
Ne2 Nc5 16. Nxc5 dxc5 17. c4 Rd8 18. Bc2 O-O 19. Qe3 Rxd1+ 20. Rxd1 Rd8 21.
Rxd8+ Qxd8 22. e5 Ne8 23. Bxe7 Qxe7 24. g3 f6 25. Nc1 fxe5 26. fxe5 Qf8 27. Qf4
Qxf4 28. gxf4 Nc7 29. Nb3 Bg2 30. h4 Bf1 31. Nd2 Be2 32. Be4 h6 33. Bg6 a5 34.
b3 Kf8 35. Kc2 Na6 1/2-1/2

[Event "Brno /Olexa/"]
[Site "Brno"]
[Date "2023.12.27"]
[Round "2"]
[White "Husek, Martin"]
[Black "Stary, Simon"]
[Result "1-0"]
[WhiteElo "2233"]
[BlackElo "1826"]
[PlyCount "51"]
[EventDate "2023.12.??"]
[EventType "tourn"]
[EventRounds "7"]

1. e4 c5 2. Nf3 d6 3. d4 cxd4 4. Qxd4 Nc6 5. Qe3 Nf6 6. Be2 e6 7. O-O Be7 8.
Rd1 O-O 9. c4 Qc7 10. Nc3 a6 11. h3 Bd7 12. b3 Ne5 13. Ba3 Nxf3+ 14. Bxf3 Bc6
15. Rac1 Rac8 16. Nd5 exd5 17. cxd5 Qa5 18. b4 Qb5 19. dxc6 bxc6 20. Be2 Qb7
21. Qd3 c5 22. bxc5 dxc5 23. e5 c4 24. Rxc4 Rxc4 25. Bxe7 Rfc8 26. Qxc4 1-0

[Event "Brno /Olexa/"]
[Site "Brno"]
[Date "2023.12.27"]
[Round "2"]
[White "Pribyl, Rene"]
[Black "Holemar, David"]
[Result "1/2-1/2"]
[WhiteElo "1855"]
[BlackElo "2196"]
[PlyCount "103"]
[EventDate "2023.12.??"]
[EventType "tourn"]
[EventRounds "7"]

1. d4 Nf6 2. c4 g6 3. Nc3 Bg7 4. e4 d6 5. f3 O-O 6. Be3 c5 7. dxc5 dxc5 8. Qxd8
Rxd8 9. Bxc5 Nc6 10. Nge2 Nd7 11. Ba3 Nde5 12. Nf4 e6 13. Rd1 Bd7 14. Nb5 b6
15. b3 a6 16. Nd6 a5 17. Nd3 Nxd3+ 18. Bxd3 Bc3+ 19. Kf2 Bd4+ 20. Kg3 Nb4 21.
Bb1 e5 22. Bc1 f6 23. Rhe1 Na6 24. Be3 Bxe3 25. Rxe3 Bc6 26. Red3 Nc5 27. R3d2
Rd7 28. Nb5 Bxb5 29. cxb5 Rad8 30. Rxd7 Rxd7 31. Rxd7 Nxd7 32. Kf2 Kf7 33. Ke3
Ke7 34. Kd3 Kd6 35. Kc4 g5 36. g4 Nc5 37. b4 axb4 38. Kxb4 Nb7 39. a4 Na5 40.
Ba2 Ke7 41. Bd5 Kf8 42. Kc3 Kg7 43. Kd3 Kg6 44. Ke3 h5 45. h3 h4 46. Kd3 Kg7
47. Kc3 Kf8 48. Kb4 Ke7 49. Ba8 Kd7 50. Bd5 Kc7 51. Ba8 Kd6 52. Bd5 1/2-1/2

[Event "Brno /Olexa/"]
[Site "Brno"]
[Date "2023.12.27"]
[Round "2"]
[White "Havelka, Ondrej"]
[Black "Veznik, Michael"]
[Result "1-0"]
[WhiteElo "2155"]
[BlackElo "1774"]
[PlyCount "85"]
[EventDate "2023.12.??"]
[EventType "tourn"]
[EventRounds "7"]

{[%evp 0,85,19,31,34,-16,0,13,4,4,35,14,20,24,24,9,49,14,16,16,37,23,59,25,46,
15,20,20,32,29,41,44,58,26,64,32,38,37,45,37,42,-23,-30,-49,-19,-397,-101,-76,
-98,-95,-102,0,49,29,80,80,80,80,70,70,62,53,45,67,60,36,165,165,181,102,117,
57,142,172,372,361,504,437,512,498,565,565,733,733,800,810,818,818]} 1. d4 Nf6
2. c4 e6 3. Nc3 Bb4 4. e3 b6 5. Nf3 Bb7 6. Bd3 O-O 7. O-O d5 8. a3 Bxc3 9. bxc3
Ne4 10. Nd2 Qg5 11. f4 Qh6 12. Nxe4 dxe4 13. Be2 f5 14. a4 Nd7 15. a5 Nf6 16.
Ba3 Rf7 17. axb6 axb6 18. Bb4 Rd8 19. Ra7 Bc6 20. d5 exd5 21. cxd5 Rxd5 {[#]}
22. Bc4 $2 Ng4 $6 23. h3 Nxe3 24. Bxd5 Nxd5 25. Qa1 Nxb4 26. cxb4 Rd7 27. b5
Bd5 28. Qe5 Qe6 29. Rxc7 Qxe5 30. Rc8+ Kf7 31. fxe5 g6 32. g4 Be6 33. Rb8 Rd5
34. Rxb6 Rxe5 35. g5 Bc4 36. Ra1 Rxb5 37. Ra7+ Kg8 38. Rc6 Rb1+ 39. Kf2 e3+ 40.
Kxe3 Re1+ 41. Kd2 Bb5 42. Rc5 Re2+ 43. Kd1 1-0

[Event "Brno /Olexa/"]
[Site "Brno"]
[Date "2023.12.27"]
[Round "2"]
[White "Hrdlicka, Vladan"]
[Black "Vanek, Ladislav"]
[Result "0-1"]
[WhiteElo "1799"]
[BlackElo "2145"]
[PlyCount "112"]
[EventDate "2023.12.??"]
[EventType "tourn"]
[EventRounds "7"]

1. e4 e6 2. d4 d5 3. Nd2 Be7 4. c3 c5 5. e5 cxd4 6. cxd4 Nc6 7. Ngf3 Nh6 8. Nb1
Nf5 9. Nc3 Qb6 10. Na4 Bb4+ 11. Bd2 Qa5 12. Nc3 Qd8 13. a3 Ba5 14. Bg5 f6 15.
exf6 gxf6 16. Bf4 O-O 17. Bd3 e5 18. dxe5 fxe5 19. Bg5 Qd6 20. Bxf5 Bxc3+ 21.
bxc3 Bxf5 22. Qd2 Rf7 23. O-O Na5 24. Rad1 Rd7 25. Rfe1 Nc4 26. Qc1 Bg4 27. Bh4
Rf8 28. Bg3 Qxa3 29. Qxa3 Nxa3 30. Rxe5 Rf5 31. Rxf5 Bxf5 32. Nd4 Bg6 33. Ra1
Nb1 34. Rxa7 Nxc3 35. f3 Kf7 36. Be1 Nb1 37. g4 Ke7 38. h4 Kd6 39. Nf5+ Bxf5
40. gxf5 d4 41. Ra4 Kc5 42. Kf1 d3 43. Ra2 d2 44. Rc2+ Kb5 45. Rb2+ Kc4 46.
Bxd2 Nxd2+ 47. Ke2 Nb3 48. Ke3 Nd4 49. Ke4 Re7+ 50. Kf4 Rf7 51. Kg4 b5 52. f4
b4 53. f6 Rxf6 54. Kg5 Rf5+ 55. Kg4 h5+ 56. Kg3 b3 0-1

[Event "Brno /Olexa/"]
[Site "Brno"]
[Date "2023.12.27"]
[Round "2"]
[White "Jires, Jiri"]
[Black "Velim, Vojtech"]
[Result "1-0"]
[WhiteElo "2138"]
[BlackElo "1765"]
[PlyCount "53"]
[EventDate "2023.12.??"]
[EventType "tourn"]
[EventRounds "7"]

1. e4 c6 2. c4 d5 3. exd5 cxd5 4. cxd5 Nf6 5. Nc3 Nxd5 6. Nf3 Nc6 7. Bc4 Nxc3
8. dxc3 Qxd1+ 9. Kxd1 Bg4 10. Be3 e6 11. a4 Be7 12. Ke2 O-O 13. h3 Bh5 14. Ba2
Rfd8 15. Rhd1 Bf6 16. Rxd8+ Rxd8 17. Bb1 Bg6 18. Bxg6 hxg6 19. Rd1 Rxd1 20.
Kxd1 a6 21. Kc2 Ne7 22. b4 Nd5 23. Bd2 b5 24. a5 Kf8 25. Kd3 e5 26. Ke4 Nf4 27.
Nxe5 1-0

[Event "Brno /Olexa/"]
[Site "Brno"]
[Date "2023.12.27"]
[Round "2"]
[White "Petran, Tomas"]
[Black "Svobodova, Michaela"]
[Result "0-1"]
[WhiteElo "1730"]
[BlackElo "1981"]
[PlyCount "106"]
[EventDate "2023.12.??"]
[EventType "tourn"]
[EventRounds "7"]

{[%evp 0,100,19,-18,-22,-12,0,0,-1,-20,-14,-47,-25,-25,-10,-19,-20,-18,-13,-6,
0,0,15,0,27,-9,4,-10,12,-5,12,17,25,12,13,18,32,2,23,0,13,1,0,-14,31,-7,-31,
-63,-24,-40,-32,-11,1,-4,-12,-15,11,0,0,-80,-84,-71,-70,-67,-42,-235,-235,-213,
-223,-271,-188,-239,-216,-216,-216,-233,-208,-206,-206,-253,-234,-237,-226,
-263,-269,-285,-263,-306,-307,-307,-315,-315,-312,-356,-290,-431,-530,-530,
-530,-530,-530,-549,-549]} 1. c4 e5 2. Nc3 Bb4 3. a3 Bxc3 4. bxc3 d6 5. g3 Nf6
6. Bg2 Nc6 7. Rb1 O-O 8. e4 b6 9. Ne2 Be6 10. d3 h6 11. O-O Qd7 12. Qa4 Bh3 13.
f3 Be6 14. Qc2 Nh7 15. g4 Ne7 16. Ng3 Ng6 17. Be3 Nf4 18. Qd2 g5 19. h3 {(R)}
Rfe8 20. Qc2 Nf8 21. Nf5 Kh7 22. Kf2 N8g6 23. Rh1 c6 24. a4 Nxg2 25. Kxg2 Nf4+
26. Kf2 Bxf5 27. gxf5 d5 28. cxd5 cxd5 29. Bxf4 gxf4 30. Rhg1 dxe4 31. dxe4
Rad8 32. f6 Qxh3 33. Rg7+ Kh8 34. Rbg1 Rg8 35. Qa2 Qh2+ 36. R1g2 Qh4+ 37. Ke2
Qxf6 38. Rxg8+ Rxg8 39. Kf1 Rxg2 40. Qxg2 Qg5 41. Qh3 h5 42. Qd7 Kg7 43. Qxa7
Qg3 44. Qxb6 Qxf3+ 45. Qf2 Qd1+ 46. Qe1 Qxa4 47. Qh4 Qd1+ 48. Kf2 Qd2+ 49. Kf1
Qd3+ 50. Kf2 Qe3+ 51. Kf1 Qf3+ 52. Kg1 Qg3+ 53. Qxg3+ fxg3 0-1

[Event "Brno /Olexa/"]
[Site "Brno"]
[Date "2023.12.27"]
[Round "2"]
[White "Wuensch, Radek"]
[Black "Blata, Frantisek"]
[Result "0-1"]
[WhiteElo "1974"]
[BlackElo "1732"]
[PlyCount "112"]
[EventDate "2023.12.??"]
[EventType "tourn"]
[EventRounds "7"]

1. e4 d6 2. d4 Nf6 3. Nc3 e5 4. Nf3 Nbd7 5. Bc4 Be7 6. O-O c6 7. a4 a5 8. Re1
Qc7 9. b3 Nf8 10. Ng5 Be6 11. Nxe6 Nxe6 12. d5 Nf8 13. dxc6 bxc6 14. Ba3 Ng6
15. Qd2 O-O 16. Rad1 Rfd8 17. Re3 Nxe4 18. Nxe4 d5 19. Bxe7 Nxe7 20. Rd3 Re8
21. Qg5 Ng6 22. Nd2 h6 23. Qf5 Rad8 24. Ba6 Qb6 25. Rf3 Qxa6 26. Qxf7+ Kh7 27.
Rg3 c5 28. Nf3 Rf8 29. Qc7 Rc8 30. Qd7 e4 31. Ne5 Qf6 32. Ng4 Qf4 33. Rf1 d4
34. h3 h5 35. Nh2 Rc7 36. Qb5 Ne5 37. Qxa5 h4 38. Rg4 Nxg4 39. Nxg4 Rcc8 40.
Qb5 Qd2 41. Qc4 e3 42. fxe3 dxe3 43. Qe4+ Kh8 44. Nxe3 Rxf1+ 45. Nxf1 Qd4+ 46.
Qe3 Kg8 47. Kh2 Qxe3 48. Nxe3 Re8 49. Nf5 Re2 50. Nxh4 Rxc2 51. Nf5 Rc3 52.
Ne7+ Kh7 53. Nd5 Rxb3 54. g4 c4 55. Nf4 c3 56. Nd3 c2 0-1